00438nam a2200121Ia 4500008004100000082002000041100001400061245006500075260004000140365000600180630006500186730006500251100415s9999 xx 000 0 und d b5430a598.1(54) aSmith,M.A aThe Fauna Of British India ... Reptilia And Amphibia Vol. 3 aLONDONc1943bTaylor & Francis Ltd. b0 aThe Fauna Of British India ... Reptilia And Amphibia Vol. 3 aThe Fauna Of British India ... Reptilia And Amphibia Vol. 3